000 00679nam a2200169 i 4500
001 84914
003 ES-MaACL
005 20230906175136.0
007 t|
008 041124s1969 sp ||||1| spa d
111 2 _aJornadas Nacionales de Estudios sobre Vías Provinciales (
_n1ª.
_d1968.
_cOviedo)
_9842
245 1 0 _aI Jornadas Nacionales de Estudios sobre las Vías Provinciales /
_cDirección General de Carreteras y Caminos Vecinales.
260 _aMadrid :
_bInstituto de Estudios de Administración Local,
_c1969.
300 _a342 p. ;
_c25 cm.
710 1 _aEspaña.
_bDirección General de Carreteras y Caminos Vecinales.
_93713
852 _aES-MaACL
_jC-36923
_bR.69541
999 _c84914
_d84914